| 000 | 00344nam a2200133Ia 4500 | ||
|---|---|---|---|
| 005 | 20260328101518.0 | ||
| 008 | 260328s9999||||xx |||||||||||||| ||und|| | ||
| 100 | _aStrasser, Susan | ||
| 245 | 0 |
_aWaste and Want : _b A Social History of Trash / _cSusan Strasser |
|
| 260 | _bHolt | ||
| 300 | _a355 p. | ||
| 650 | _aDISEÑO INDUSTRIAL | ||
| 942 | _cBK | ||
| 999 |
_c9478 _d9478 |
||